Canadian Province Stereotypes - Statistics

General Stats
  • This quiz has been taken 14 times
  • The average score is 9 of 10
Answer Stats
Hint Province % Correct
Are they speaking English? Irish? Hobbit language? Oh well, let's go whale watching. Newfoundland and Labrador
100%
We get it, you're French and invented poutine. Now please, fill in all these potholes. Quebec
100%
Do you like mosquitoes, empty flat land, and an above-average homicide rate? Come to this province! Manitoba
92%
Everyone is sad and overweight, and everywhere is a sectioned-off forest owned by the Irving family. But hey, at least they've got lobsters. New Brunswick
92%
Lighthouses, lobsters, pine trees, tourist traps, and old people. No, it isn't Maine. Nova Scotia
92%
Whether it be an annoying bureaucrat, unemployed young rapper, or reckless driver on the 401, you know they're all full of themselves. Ontario
92%
Available jobs for the average person here: farmer, agriculturalist, crop grower, or assistant mayor of Moose Jaw. Saskatchewan
92%
What you get when you combine the redneck culture of Texas, the natural beauty of Colorado, and the wannabe separatism of Alaska. Alberta
85%
Maybe if they weren't busy getting stoned all the time, they could work on making homes more affordable and putting out wildfires. British Columbia
85%
Whatever, they grow a lot of potatoes. I was just in Idaho for skiing season. Prince Edward Island
85%
No matching quizzes found
Score Distribution
Percent of People with Each Score
Percentile by Number Answered
Your Score History
You have not taken this quiz